Séries TV 2000-2016 (chance) - Statistiques

Statistiques générales
  • Ce quiz a été pris 2 092 fois
  • Le résultat moyen est 15 sur 106
Statistiques - réponses
Année de Sortie Série % Correct
2011 Game of Thrones
55%
2005 Grey's Anatomy
54%
2008 Breaking Bad
52%
2005 Prison Break
47%
2010 The Walking Dead
45%
2003 NCIS : Enquêtes Spéciales
43%
2009 NCIS : Los Angeles
43%
2014 NCIS : Nouvelle-Orléans
43%
2004 Desperate Housewives
39%
2000 Malcolm
39%
2000 Les Experts
38%
2004 Les Experts : Manhattan
38%
2002 Les Experts : Miami
38%
2016 Stranger Things
34%
2014 Les 100
33%
2005 How I Met Your Mother
31%
2006 Dexter
29%
2004 Dr House
28%
2003 Les Frères Scott
28%
2011 Teen Wolf
27%
2007 The Big Bang Theory
27%
2008 Mentalist
26%
2013 Orange is the New Black
26%
2012 Arrow
23%
2005 Esprits Criminels
23%
2016 Esprits Criminels : Unité sans Frontières
23%
2001 Ma Famille d'abord
23%
2001 Smallville
22%
2005 Supernatural
21%
2005 Bones
19%
2015 Lucifer
18%
2011 Once Upon a Time
18%
2005 Doctor Who
15%
2010 Sherlock
15%
2000 Gilmore Girls
14%
2006 Heroes
14%
2015 Heroes Reborn
14%
2011 American Horror Story
13%
2005 Ghost Whisperer
13%
2002 Monk
13%
2009 Castle
12%
2005 Kaamelott
11%
2001 Scrubs
11%
2011 Suits, Avocats sur Mesure
11%
2013 Under the Dome
11%
2013 Brooklyn Nine-Nine
10%
2011 New Girl
10%
2004 Stargate Atlantis
10%
2008 True Blood
10%
2004 Veronica Mars
10%
2003 Cold Case : Affaires Classées
9%
2015 Daredevil
9%
2013 Marvel : Agents of Shield
9%
2015 Sense 8
9%
2008 Sons of Anarchy
9%
2002 Un, Dos, Tres
9%
2015 Jessica Jones
8%
2003 Nip / Tuck
8%
2016 The Crown
8%
2014 Gotham
7%
2013 Orphan Black
7%
2001 Alias
6%
2013 Blacklist
6%
2007 Californication
6%
2012 Elementary
6%
2008 Fringe
6%
2011 Grimm
6%
2015 IZombie
6%
2016 Luke Cage
6%
2009 Misfits
6%
2014 Scorpion
6%
2009 The Good Wife
6%
2009 Lie to Me
5%
2011 Person of Interest
5%
2014 True Detective
5%
2005 Weeds
5%
2011 2 Broke Girls
4%
2001 Caméra Café
4%
2002 FBI : Portés Disparus
4%
2016 MacGyver
4%
2009 Scènes de Ménages
4%
2015 Blindspot
3%
2009 Drop Dead Diva
3%
2003 Las Vegas
3%
2004 Les 4400
3%
2005 NumbErs
3%
2009 FBI : duo très spécial
2%
2010 Rizzoli and Isles : Autopsie d'un Meurtre
2%
2012 Touch
2%
2011 Unforgettable
2%
2014 Constantine
1%
2005 Earl
1%
2015 Grace et Frankie
1%
2004 Joey
1%
2016 Love
1%
2014 Marco Polo
1%
2014 Penny Dreadful
1%
2002 Touche Pas a mes Filles
1%
2015 Unbreakable Kimmy Schmidt
1%
2012 Don't Trust The B---- in Apartment 23
0%
2014 Lovesick
0%
2015 Ray Donovan
0%
2015 The Last Man on Earth
0%
2014 The Missing
0%
2015 Un Soupcon de Magie
0%
2013 Witches of East End
0%
Aucun quiz correspondant
Distribution des résultats
% des personnes avec chaque résultat
Percentile par nombre de réponses
Votre historique - résultats
Vous n’avez pas pris ce quiz